Aktorzy grający w serialu Alternatywy 4 - Statystyki

Ogólne statystyki
  • Ten quiz został rozwiązany 21 razy
  • Średni wynik to 13 z 20
Answers on the Grid
Answers color-coded by a green-red scale on the quiz's grid according to % correct below.
Bożena Dykiel
Anna Samusionek
Cezary Pazura
Roman Wilhelmi
Witold Pyrkosz
Teresa Lipowska
Andrzej Grabowski
Jerzy Kryszak
Kazimierz Kaczor
Ewa Ziętek
Małgorzata Kożuchowska
Andrzej Seweryn
Zofia Czerwińska
Stanisława Celińska
Jerzy Bończak
Krystyna Janda
Jacek Gonera
Zbigniew Buczkowski
Wojciech Pokora
Anna Dymna
Mieczysław Voit
Beata Tyszkiewicz
Kalina Jędrusik
Jerzy Turek
Irena Kwiatkowska
Anna Chitro
Elżbieta Czyżewska
Daniel Olbrychski
Marian Dziędziel
Zbigniew Cybulski
Janusz Gajos
Jerzy Janeczek
Alina Janowska
Leonard Pietraszak
Elżbieta Barszczewska
Jadwiga Barańska
Jacek Fedorowicz
Wojciech Siemion
Jan Nowicki
Maria Pakulnis
 
Statystyki odpowiedzi
Odpowiedź % Poprawnych
Roman Wilhelmi
100%
Wojciech Pokora
94%
Bożena Dykiel
89%
Ewa Ziętek
89%
Jerzy Kryszak
89%
Kazimierz Kaczor
89%
Witold Pyrkosz
89%
Zofia Czerwińska
89%
Jerzy Bończak
83%
Stanisława Celińska
78%
Janusz Gajos
72%
Mieczysław Voit
72%
Wojciech Siemion
72%
Jerzy Turek
67%
Anna Chitro
61%
Jacek Fedorowicz
33%
Zbigniew Buczkowski
28%
Jerzy Janeczek
17%
Irena Kwiatkowska
11%
Leonard Pietraszak
11%
Nie znaleziono quizów pasujących do podanych kryteriów
Rozkład punktacji
Procent ludzi z każdym wynikiem
Percentyl według liczby udzielonych odpowiedzi
Twoja historia wyników
Nie rozwiązałeś tego quizu